| 000 | 00633nam a2200193Ia 4500 | ||
|---|---|---|---|
| 999 |
_c46752 _d46752 |
||
| 003 | GCL | ||
| 005 | 20240530104343.0 | ||
| 008 | 140319s9999 xx 000 0 ara d | ||
| 040 |
_aGCL / _cGCL |
||
| 082 | 0 | 4 |
_a962.074 _bف ت |
| 100 | 1 | _aفورات، يشعياهو بن | |
| 245 | 1 | 2 |
_aالتقصير: _bالمحدال / _cيشعياهو بن فورات |
| 250 | _aط.1 | ||
| 260 |
_aبيروت : _bمؤسسة الدراسات الفلسطينية، _c1974 . |
||
| 490 | 0 |
_aسلسلة الدراسات؛ _v38 |
|
| 650 | 0 | 4 | _aالنزاع العربى الاسرائيلى |
| 650 | 0 | 4 | _aحرب اكتوبر 1973 |
| 942 |
_2ddc _cBK |
||